00305pab a2200121 454500008004000000100001600040245003000056260000900086300001600095362001000111650002800121773003400149180718b2004 xxu||||| |||| 00| 0 eng d aVivek Kumar aBSP and Dalit aspirations c2004 ap.1778-781. a1 May aPolitics and government aEconomic and Political Weekly